Estatísticas para Índice de Democracia III

Clique aqui para jogar o quiz

Estatísticas Gerais

  • Esse quiz foi jogado 32 vezes
  • A pontuação média é 9 de 20

Estatísticas das Respostas

PontuaçãoCountry% Correto
2,37Sudão
93%
2,16Irão
87%
1,08Coreia do Norte
77%
1,43Síria
73%
2,11República Democrática
do Congo
70%
2,24Iémen
63%
2,25Líbia
60%
1,93Arábia Saudita
57%
2,75Emirados Árabes
Unidos
50%
1,50Chade
40%
1,77Guiné Equatorial
37%
2,37Eritreia
33%
2,21Laos
33%
1,83Turquemenistão
30%
1,57República
Centro-Africana
27%
2,49Burundi
23%
1,93Guiné-Bissau
23%
1,95Tajiquistão
23%
1,95Uzbequistão
23%
2,71Azerbaijão
17%

Distribuição das Pontuações

Percentil de Números Respondidos

Porcentagem de Pessoas com Cada Pontuação

Sua Pontuação Histórica

Você não jogou esse quiz